<?xml version="1.0" encoding="UTF-8"?>
<marc:record xmlns:marc="http://www.loc.gov/MARC21/slim">
   <marc:leader>00000nam a2200000 a 4500</marc:leader>
   <marc:datafield ind1="1" ind2=" " tag="100">
      <marc:subfield code="a">Halls, Smriti</marc:subfield>
      <marc:subfield code="4">aut</marc:subfield>
      <marc:subfield code="e">Verfasser/-in</marc:subfield>
   </marc:datafield>
   <marc:datafield ind1="0" ind2="0" tag="245">
      <marc:subfield code="a">Ich und du und Huhn dazu</marc:subfield>
   </marc:datafield>
   <marc:datafield ind1=" " ind2="1" tag="264">
      <marc:subfield code="b">Verlag Friedrich Oetinger</marc:subfield>
      <marc:subfield code="c">2022</marc:subfield>
   </marc:datafield>
   <marc:datafield ind1="1" ind2=" " tag="520">
      <marc:subfield code="a">Der dicke Bär mit seiner Bassgeige und das Eichhörnchen mit seiner Gitarre bilden ein harmonisches Duo. Als ein Huhn anfragt, ob es wohl mit den beiden mitspielen dürfe, wird es kalt abgewiesen. Alles Bitten und Betteln nützt nichts, Bär und Hörnchen wollen keinen Eindringling in ihre perfekte Zweisamkeit. So fährt das Huhn im Taxi einsam durch die finstere Nacht, um Anschluss zu suchen. Doch plötzlich vollzieht das innige Paar einen Sinneswandel: „Wie konnten wir beide so dusselig sein? Das Hühnchen, das passt doch tipptopp zu uns zwei’n!“ Aus dem Duo wird ein Trio, und eine Trommel, eine Tuba, eine Laute und eine Ziehharmonika verstärken ab nun die Musik - auch wenn es im Ensemble vielleicht einmal Misstöne geben sollte. „Wir werden uns lieben und werden uns hassen, doch niemals, nein, niemals, nein, niemals </marc:subfield>
   </marc:datafield>
   <marc:datafield ind1=" " ind2=" " tag="020">
      <marc:subfield code="a">9783751201964</marc:subfield>
      <marc:subfield code="9">9783751201964</marc:subfield>
   </marc:datafield>
</marc:record>
